000 00681nam a2200277Ia 4500
001 22732
005 20240114000652.0
007 ta
008 060321s1974 g b000 u asm u
040 _aCotton College,Assam
041 _aasm
082 _a954.01
_bB 881 L
100 _aBuragohain, Hema.
245 0 _aLecheri Butola Buranji /
_cHema Buragohain.
_hTextual Documents
250 _a1st ed. /
260 _aSibsagarh :
_bKarabi Ban ,
_c1974.
300 _a87p. ;
_c22cm.
653 _aHistory-Assam
653 _aG-History
942 _2ddc
_cBK
999 _c22714
_d22714